Synthesis of c-n powder materials by arc discharge plasma; Gas Discharge Plasmas and Their Applications (GDP 2019)

Бібліографічні деталі
Parent link:Gas Discharge Plasmas and Their Applications (GDP 2019).— 2019.— [С. 172]
Автор: Vasiljeva (Vassilyeva) Yu. Z. Yuliya Zakharovna
Співавтор: Национальный исследовательский Томский политехнический университет Инженерная школа информационных технологий и робототехники Отделение автоматизации и робототехники
Інші автори: Pak A. Ya. Aleksandr Yakovlevich
Резюме:Заглавие с титульного экрана
Мова:Англійська
Опубліковано: 2019
Предмети:
Онлайн доступ:http://earchive.tpu.ru/handle/11683/57736
Формат: Електронний ресурс Частина з книги
KOHA link:https://koha.lib.tpu.ru/cgi-bin/koha/opac-detail.pl?biblionumber=630869

MARC

LEADER 00000naa2a2200000 4500
001 630869
005 20240407064708.0
035 |a (RuTPU)RU\TPU\conf\32432 
035 |a RU\TPU\conf\32415 
090 |a 630869 
100 |a 20200130d2019 k y0rusy50 ba 
101 0 |a eng 
102 |a RU 
105 |a y z 101zy 
135 |a drcn ---uucaa 
181 0 |a i  
182 0 |a b 
200 1 |a Synthesis of c-n powder materials by arc discharge plasma  |f Yu. Z. Vassilyeva, A. Ya. Pak 
203 |a Текст  |c электронный 
300 |a Заглавие с титульного экрана 
320 |a [Библиогр.: с. 172 (6 назв.)] 
463 1 |0 (RuTPU)RU\TPU\conf\32407  |t Gas Discharge Plasmas and Their Applications (GDP 2019)  |o 14th International Conference, September 15–21, 2019, Tomsk, Russia  |o abstracts  |f National Research Tomsk Polytechnic University (TPU) ; eds. Yu. D. Korolev, N. N. Koval  |v [С. 172]  |d 2019 
610 1 |a электронный ресурс 
610 1 |a труды учёных ТПУ 
610 1 |a синтез 
610 1 |a порошки 
610 1 |a порошковые материалы 
610 1 |a плазменные разряды 
700 1 |a Vasiljeva (Vassilyeva)  |b Yu. Z.  |c specialist in the field of electric power engineering  |c Researcher, Associate Professor of Tomsk Polytechnic University, Candidate of Technical Sciences  |f 1995-  |g Yuliya Zakharovna  |y Tomsk  |3 (RuTPU)RU\TPU\pers\46740  |9 22376 
701 1 |a Pak  |b A. Ya.  |c specialist in the field of electrical engineering  |c Professor of Tomsk Polytechnic University, Doctor of Technical Sciences  |f 1986-  |g Aleksandr Yakovlevich  |y Tomsk  |3 (RuTPU)RU\TPU\pers\34120  |9 17660 
712 0 2 |a Национальный исследовательский Томский политехнический университет  |b Инженерная школа информационных технологий и робототехники  |b Отделение автоматизации и робототехники  |3 (RuTPU)RU\TPU\col\23553 
801 2 |a RU  |b 63413507  |c 20210128  |g RCR 
856 4 |u http://earchive.tpu.ru/handle/11683/57736 
942 |c BK